[Event "88th GER-ch Men 2017"]
[Site "Apolda"]
[Date "2017.06.23"]
[Round "1"]
[White "Kersten, Uwe"]
[Black "Jugelt, Tobias"]
[Result "0-1"]
[WhiteElo "2257"]
[BlackElo "2431"]
[Annotator "TA"]
[PlyCount "166"]
[EventDate "2017.??.??"]
[EventType "swiss"]
[EventCountry "GER"]
[SourceTitle "playchess.com"]
[Source "ChessBase"]
[SourceQuality "1"]

{[%evp 9,166,13,5,-4,11,-9,15,10,33,4,8,0,30,16,31,0,24,39,35,27,39,33,30,22,11,15,98,0,64,17,17,17,15,7,17,12,12,16,28,2,29,7,20,0,10,8,0,0,0,-11,-8,-68,-15,-8,0,0,8,-16,0,0,21,12,12,0,0,0,0,-44,-47,-47,-31,-64,-63,-52,-59,-89,-72,-95,-65,-117,-133,-134,-123,-137,-124,-160,-152,-203,-206,-168,-88,-101,-80,-83,-82,-78,-73,-82,-89,-74,-48,-56,-77,-77,-77,-74,-77,-79,-83,-90,-83,-77,-45,-56,0,0,0,-83,-74,-741,-8,-8,-8,-25,-8,-8,0,0,0,0,0,-465,-345,-4622,-4622,-2421,-4622,-4618,-1183,-2335,-1447,-4134,-951,-1104,-1104,-771,-584,-976,-600,-29959,-12663,-29983,-12818,-29983,-29985,-29990,-29991,-29992,-29993]} 1. d4 d5 2. Bf4 e6 3. e3 c5 4. c3 Nc6 5. Nf3 Bd6 6. Bg3 {D02: 1 d4 d5 2 Nf3 sidelines, including 2...Nf6 3 g3 and 2...Nf6 3 Bf4} Nge7 7. Bd3 Bxg3 $146 ({Predecessor:} 7... b6 8. Nbd2 Bb7 9. Qe2 h6 10. Rd1 O-O 11. O-O c4 12. Bc2 {½-½ (53) Grachev,B (2668)-Najer,E (2646) Moscow 2014}) 8. hxg3 {The position is equal.} Qb6 {...c4 is the strong threat.} 9. b3 h6 10. Nbd2 Bd7 11. Rc1 Rc8 12. g4 e5 13. Nxe5 Nxe5 14. dxe5 Nc6 $1 15. Be2 Nxe5 16. Rh5 (16. g5 $5) 16... Qe6 17. Nf3 f6 {[#]} (17... Nxg4 $11 18. Rxd5 Qe7) 18. g5 $1 {[%mdl 512]} g6 (18... fxg5 19. Nxg5 $1 {[%mdl 512]} Qe7 20. Nf3 $16 (20. Qxd5 g6 $11)) (18... Nxf3+ $1 $11 19. Bxf3 fxg5) 19. Rh1 fxg5 {[#]} 20. Nxg5 $1 {[%mdl 512]} Qf6 (20... hxg5 21. Rxh8+) 21. Nf3 Bc6 22. Nxe5 Qxe5 23. Rh3 Kf7 24. Bd3 Rce8 25. Qg4 Qe6 26. Qh4 Kg7 27. Rg3 g5 28. Kd2 Kf6 29. Qh5 Ke7 30. Rh1 ({Better is} 30. Rf3 $11) 30... Kd8 (30... Ref8 $1 $15 31. Qe2 b5) 31. Qg6 $11 Qxg6 32. Bxg6 Ref8 33. f3 Ke7 34. Rgh3 Kf6 35. Bc2 ({Don't blunder} 35. Rxh6 $2 Rxh6 36. Rxh6 Kg7 $19) 35... Kg7 36. R3h2 Rf6 37. Re1 h5 38. e4 dxe4 39. Bxe4 Rd6+ 40. Kc2 Re6 $1 41. Rhh1 {Black should prevent Bxc6.} Bxe4+ 42. fxe4 $15 {[%mdl 4096] Endgame KRR-KRR} h4 43. Kd3 Kg6 44. Kc4 (44. g3 $15) 44... Rhe8 $17 45. Kd3 Rd8+ 46. Kc2 b5 47. Rhf1 Ra6 48. Ra1 (48. a4 $17) 48... Re8 $19 49. Rfe1 b4 (49... Rae6 $19 50. a4 b4 51. cxb4 cxb4) 50. Re3 Rf8 {aiming for ...Rf2+.} 51. Re2 Rf4 52. Kd3 Rd6+ 53. Kc4 bxc3 54. Kxc3 Rd4 55. e5 Rde4 56. Rae1 Rxe2 $1 57. Rxe2 $17 {KR-KR} Kf7 58. e6+ Ke7 59. Re5 Rg4 60. Re2 a5 61. a4 Rg3+ (61... Kd8 $15) 62. Kc4 $11 g4 63. Kb5 (63. Kxc5 $11 {keeps the balance.} Rxb3 64. Kd5) 63... Rxb3+ $17 64. Kxa5 $2 {[%mdl 8192]} (64. Kxc5 $17 g3 65. Kd5) 64... Rb8 $2 ({Black should play} 64... g3 $19 65. Re4 Rb4) 65. Re4 $11 {[#]} Rb4 $1 {[%mdl 512]} 66. Re5 $1 (66. Rxb4 cxb4) 66... Rb2 (66... Rb1 {with more complications.} 67. Rxc5 Kxe6 68. Ka6 g3 69. Rc2 Ke5) 67. Rh5 Kxe6 68. Rxh4 g3 ({But not} 68... Rxg2 69. Kb5 $17) 69. Rg4 $1 Rb3 ({Resist} 69... Rxg2 70. Kb5 $15) (69... Kd5 $5 {[%cal Rb2g2]}) 70. Rg5 $2 {[%mdl 8192] [#]} (70. Ka6 $11) 70... c4 $1 $19 {[%cal Bc5c4,Bc4c3][%mdl 32]} 71. Rc5 $2 {[#]} (71. Ka6) 71... c3 $1 72. Ka6 Kd6 73. Rc8 Kd5 (73... Ke5 $142 74. Rg8 c2) 74. a5 Kd4 75. Ka7 Rb2 (75... Kd3 $142 76. a6 Rb2) 76. a6 Rxg2 77. Rd8+ Ke5 {Threatens to win with ...Rb2.} 78. Re8+ Kd6 {White must now prevent ...c2.} 79. Rc8 Rc2 80. Rg8 g2 81. Ka8 Ra2 {Black mates.} 82. a7 c2 83. Rd8+ Ke7 {Precision: White = 40%, Black = 60%.} 0-1

[Event "88th GER-ch Men 2017"]
[Site "Apolda"]
[Date "2017.06.23"]
[Round "1"]
[White "Bussard, Christian"]
[Black "Keymer, Vincent"]
[Result "1/2-1/2"]
[WhiteElo "2251"]
[BlackElo "2411"]
[Annotator "TA"]
[PlyCount "104"]
[EventDate "2017.??.??"]
[EventType "swiss"]
[EventCountry "GER"]
[SourceTitle "playchess.com"]
[Source "ChessBase"]
[SourceQuality "1"]

{[%evp 20,104,76,45,40,36,34,20,11,9,7,0,0,0,0,0,0,-13,15,0,0,-61,-65,-78,-49,-99,-37,-85,-40,-50,0,-25,-19,-36,45,-116,12,9,22,9,17,10,19,25,18,13,28,0,0,0,10,0,21,0,12,25,20,0,0,0,0,-19,0,0,6,0,22,22,20,17,20,0,0,0,0,0,0,0,0,0,787,781,723,734,564,606,589]} 1. e4 c5 2. Nf3 e6 3. d4 cxd4 4. Nxd4 a6 5. Bd3 Nf6 6. O-O Qc7 7. Qe2 d6 8. c4 g6 9. Nc3 Bg7 10. Be3 O-O 11. f3 {LiveBook: 4 Games. B42: Sicilian: Kan Variation: 5 Bd3} (11. Rac1 Nbd7 12. Rfd1 b6 13. f3 Bb7 14. Qd2 Rac8 15. Bf1 Rfd8 16. b4 Qb8 17. Na4 Bf8 18. Nb3 Bc6 19. Nc3 Ba8 20. Qf2 Ne5 21. Na4 d5 22. exd5 exd5 23. Bxb6 dxc4 24. Rxd8 Rxd8 25. Bxd8 Qxd8 26. Bxc4 {½-½ (34) Bok,B (2598)-Artemiev,V (2653) Doha 2016}) 11... Nc6 12. Nxc6 bxc6 $146 ({Predecessor:} 12... Qxc6 13. Rfd1 Nd7 14. Qf2 Rd8 15. Rac1 b6 16. e5 Nc5 17. Qh4 Bb7 18. Be4 Qc7 19. exd6 Rxd6 20. Rxd6 Qxd6 21. Bxb7 Nxb7 {½-½ (38) Salazar,A (2031)-Orozco Lopez,L (2111) Buga 2009}) 13. Rac1 {White is slightly better.} Nd7 14. Rfd1 c5 15. Bb1 Bb7 16. Kh1 (16. Qd2 $5 {[%cal Rd2d6]} Ne5 17. b3 $11) 16... Ne5 17. b3 Rad8 18. Qf2 f5 {[%cal Bf7f5,Bf5f4][%mdl 32]} 19. Qg3 Kh8 20. Qh3 (20. exf5 $11 gxf5 21. Ne2) 20... f4 $15 21. Bd2 Qe7 22. Rg1 Bc8 ({Black should play} 22... g5 $17) 23. g4 fxg3 24. Rxg3 {Threatening f4.} d5 25. Bg5 Bf6 26. Bh6 d4 ({Better is} 26... Bh4 $15) 27. Ne2 $2 {[#]} ({Don't play} 27. Bxf8 Rxf8 28. f4 Bh4 $11) (27. f4 $1 $14 {keeps the upper hand.} dxc3 28. Bxf8 (28. fxe5 Bxe5 29. Bxf8 Qxf8 $14) 28... Qxf8 29. fxe5 Bxe5 30. Rf1) 27... d3 ({Black should try} 27... Rg8 $1 $17 {aiming for ...d3.} 28. Bd2 Bh4) 28. Bxf8 $11 Rxf8 29. Ng1 Bh4 30. Rd1 Bxg3 31. Qxg3 Nc6 32. Bxd3 e5 33. Bf1 Nd4 34. Bg2 Bb7 35. Nh3 Qf6 36. Ng1 Rd8 37. Qe1 Rf8 38. Qg3 (38. Qa5 $5 {[%cal Ra5c5]}) 38... Kg7 39. Rd2 Bc6 40. Rd1 h5 41. Qe1 g5 42. Qa5 g4 43. fxg4 hxg4 44. Qxc5 {[#] Rf1 is the strong threat.} Nf3 $1 45. Rd6 Qf4 {[%csl Gf3][%cal Rf4h2]} 46. Bxf3 gxf3 47. Qxc6 f2 48. Rg6+ Kh7 {( -> ...Rf7)} 49. Rg2 {Qg6+ would kill now.} Qf6 $2 {[%mdl 8192]} (49... fxg1=Q+ $11 50. Rxg1 Qf3+ 51. Rg2 Qd1+ 52. Rg1 Qf3+ 53. Rg2 Qd1+ 54. Rg1 Qf3+) 50. Qd7+ $18 {White is clearly winning.} Rf7 51. Qh3+ Qh6 52. Qg3 {[%csl Gg2][%cal Rg3g8]} Qf6 {[%mdl 32768] Precision: White = 38%, Black = 44%. . An unexpected result.} 1/2-1/2

[Event "88th GER-ch Men 2017"]
[Site "Apolda"]
[Date "2017.06.23"]
[Round "1"]
[White "Prenzler, Daniel"]
[Black "Zude, Arno"]
[Result "0-1"]
[WhiteElo "2210"]
[BlackElo "2392"]
[Annotator "TA"]
[PlyCount "80"]
[EventDate "2017.??.??"]
[EventType "swiss"]
[EventCountry "GER"]
[SourceTitle "playchess.com"]
[Source "ChessBase"]
[SourceQuality "1"]

{[%evp 26,80,4,0,37,0,30,30,31,27,12,11,17,16,37,8,54,14,12,0,0,0,0,0,0,0,0,-29,0,-19,-19,-19,-8,-19,-19,-25,-8,-19,-8,-28,-28,-27,-35,-105,-105,-331,-279,-334,-312,-354,-272,-411,-405,-411,-402,-346,-178]} 1. e4 e5 2. Nf3 Nc6 3. Nc3 Nf6 4. d4 exd4 5. Nxd4 Bb4 6. Nxc6 bxc6 7. Bd3 O-O 8. O-O d5 9. exd5 cxd5 10. h3 {C47: Scotch Four Knights and Four Knights with 4 g3} Re8 11. Qf3 Rb8 12. Bg5 c6 13. Rad1 Bd6 14. b3 {[#] LiveBook: 4 Games} Bb7 $146 (14... Be5 $5 {[%cal Re5c3]} 15. Bf4 Qd6 16. Bxe5 Qxe5 $11) ({Predecessor:} 14... Be5 15. Ne2 Qc7 16. Rfe1 h6 17. Bf4 Bb7 18. Bxe5 Rxe5 {½-½ (57) Kryvoruchko,Y (2706)-Pashikian,A (2612) Yerevan 2014}) 15. Qf5 (15. Bxf6 $5 Qxf6 16. Qxf6 gxf6 17. Ne2 $11) 15... Re5 (15... Bc8 {seems wilder.} 16. Qf3) 16. Bxf6 Qxf6 17. Qxf6 gxf6 18. Ne2 Rbe8 19. Ng3 Bb4 20. c4 (20. f4 $5 {[%cal Rf4e5]} Re3 21. Nf5 $11) 20... Bc3 21. Rc1 (21. f4 $5 {[%cal Rf4e5]} R5e7 22. cxd5 cxd5 23. Nf5 $11) 21... d4 22. Rc2 (22. b4 $5) 22... c5 23. f3 Be1 24. Ne4 Bxe4 25. fxe4 Bh4 26. g4 Bg5 27. Rf5 Rxf5 28. gxf5 $11 {[%mdl 4096] Endgame KRB-KRB} Kf8 29. Kg2 (29. h4 $5 {[%cal Rh4g5]} Bh6 30. Rg2 $11) 29... Ke7 30. Kf3 Rb8 31. Rb2 (31. h4 $5 {[%cal Rh4g5]} Be3 32. Rg2 $11) 31... Kd6 32. Rb1 (32. h4 $5 {[%cal Rh4g5]} Bh6 33. Rg2 $11) 32... Ke5 33. h4 Be3 34. Be2 (34. Rb2 $15) 34... a5 $17 35. a4 $2 {[#]} (35. Bd3 $17 {might work better.}) 35... Rg8 $19 36. Rd1 Bf4 37. Rd3 Rg1 38. h5 (38. Kf2 $142 Rh1 39. Bf3) 38... Rg5 39. h6 Rg8 40. Rd1 Rg3+ {Precision: White = 26%, Black = 54%.} ({Don't play} 40... Bxh6 41. Rh1) 0-1

[Event "88th GER-ch Men 2017"]
[Site "Apolda"]
[Date "2017.06.23"]
[Round "1"]
[White "Hoefelsauer, Thomas"]
[Black "Schmitt, Philipp"]
[Result "0-1"]
[WhiteElo "2169"]
[BlackElo "2174"]
[Annotator "RC"]
[PlyCount "96"]
[EventDate "2017.??.??"]
[EventType "swiss"]
[EventCountry "GER"]
[SourceTitle "playchess.com"]
[Source "ChessBase"]
[SourceQuality "1"]
[TimeControl "40/6000+30:3000+30"]

1. d4 {[%emt 0:00:00]} e6 {[%emt 0:00:20]} 2. c4 {[%emt 0:00:00]} d5 {[%emt 0:00:51]} 3. Nc3 {[%emt 0:00:00]} Be7 {[%emt 0:01:48]} 4. Nf3 {[%emt 0:00:00]} Nf6 {[%emt 0:00:09]} 5. Bg5 {[%emt 0:00:00]} h6 {[%emt 0:00:51]} 6. Bh4 {[%emt 0:00:05]} O-O {[%emt 0:02:13]} 7. e3 {[%emt 0:00:04]} c6 {[%emt 0:05:48]} 8. Rc1 {[%emt 0:00:30]} Nbd7 {[%emt 0:01:44]} 9. Bd3 {[%emt 0:00:30]} dxc4 {[%emt 0:02:30]} 10. Bxc4 {[%emt 0:00:08]} a6 {[%emt 0:06:54]} 11. a4 {[%emt 0:02:50]} b5 {[%emt 0:08:50]} 12. Bd3 {[%emt 0:00:54]} Bb7 {[%emt 0:11:10]} 13. O-O {[%emt 0:01:44]} Rc8 {[%emt 0:03:11]} 14. Qe2 {[%emt 0:10:41]} b4 {[%emt 0:06:20]} 15. Bxf6 {[%emt 0:11:47]} Nxf6 {[%emt 0:03:31]} 16. Ne4 {[%emt 0:00:44]} Nxe4 {[%emt 0:19:38]} 17. Bxe4 {[%emt 0:00:10]} Bd6 {[%emt 0:05:18]} 18. Nd2 {[%emt 0:14:16]} Qe7 {[%emt 0:03:28]} 19. Nb3 {[%emt 0:13:04]} e5 {[%emt 0:08:27]} 20. Nc5 {[%emt 0:08:16]} exd4 {[%emt 0:01:52]} 21. exd4 {[%emt 0:00:35]} Rfe8 {[%emt 0:02:58]} 22. Rfe1 {[%emt 0:11:33]} Qc7 {[%emt 0:02:15]} 23. g3 {[%emt 0:03:53]} Re7 {[%emt 0:01:02]} 24. Qf3 {[%emt 0:05:44]} Rce8 {[%emt 0:00:37]} 25. Re3 {[%emt 0:00:48]} Bc8 {[%emt 0:03:55]} 26. Bxc6 {[%emt 0:02:35]} Rxe3 {[%emt 0:00:28]} 27. fxe3 {[%emt 0:00:02]} Bg4 {[%emt 0:02:20]} 28. Qxg4 {[%emt 0:15:01]} Qxc6 {[%emt 0:00:03]} 29. Kf2 {[%emt 0:01:35]} Bxc5 {[%emt 0:01:19]} 30. dxc5 {[%emt 0:00:31]} Qf6+ {[%emt 0:00:07]} 31. Kg1 {[%emt 0:01:36]} Qxb2 {[%emt 0:00:23]} 32. Qc4 {[%emt 0:05:03]} Rxe3 {[%emt 0:03:13]} 33. Rf1 {[%emt 0:00:01]} Qb3 {[%emt 0:02:50]} 34. Qf4 {[%emt 0:00:19]} Rc3 {[%emt 0:00:23]} 35. Qe5 {[%emt 0:01:59]} Qc4 {[%emt 0:00:32]} 36. Qe8+ {[%emt 0:00:29]} Kh7 {[%emt 0:00:02]} 37. Rxf7 {[%emt 0:00:29]} Qxc5+ {[%emt 0:00:14]} 38. Rf2 {[%emt 0:00:32]} Rc1+ {[%emt 0:00:33]} 39. Kg2 {[%emt 0:00:01]} Qc6+ {[%emt 0:01:10]} 40. Qxc6 {[%emt 0:00:02]} Rxc6 {[%emt 0:50:06]} 41. a5 {[%emt 0:04:19]} b3 {[%emt 0:00:00]} 42. Rf3 {[%emt 0:03:53]} Rc2+ {[%emt 0:00:00]} 43. Kh3 {[%emt 0:00:08]} b2 {[%emt 0:00:00]} 44. Rb3 {[%emt 0:00:06]} Kg6 {[%emt 0:00:00]} 45. Kg4 {[%emt 0:01:09]} h5+ {[%emt 0:00:00]} 46. Kf4 {[%emt 0:00:10]} Rc4+ {[%emt 0:00:00]} 47. Ke5 {[%emt 0:01:52]} Rc5+ {[%emt 0:00:00]} 48. Kf4 {[%emt 0:00:25]} Rb5 {[%emt 0:00:00]} 0-1

[Event "88th GER-ch Men 2017"]
[Site "Apolda"]
[Date "2017.06.23"]
[Round "1"]
[White "Heinert, Eugen"]
[Black "Schmidt-Schaeffer, Sebastian"]
[Result "1/2-1/2"]
[WhiteElo "2151"]
[BlackElo "2380"]
[Annotator "TA"]
[PlyCount "112"]
[EventDate "2017.??.??"]
[EventType "swiss"]
[EventCountry "GER"]
[SourceTitle "playchess.com"]
[Source "ChessBase"]
[SourceQuality "1"]

{[%evp 24,112,12,-5,21,15,64,47,69,53,72,49,91,80,91,98,108,95,183,192,174,180,198,190,171,106,108,108,127,0,0,0,0,0,0,-89,-89,-129,0,0,0,0,0,0,0,0,0,0,0,0,0,0,0,0,0,0,0,6,39,8,25,24,26,26,47,54,46,46,56,30,66,24,30,33,39,8,8,8,8,8,8,8,8,8,8,8,8,8,8,8,8]} 1. Nf3 d5 2. c4 e6 3. g3 Nf6 4. Bg2 Be7 5. O-O O-O 6. b3 c5 7. cxd5 Nxd5 8. Bb2 Nc6 9. d4 cxd4 10. Nxd4 Nxd4 11. Bxd4 Bd7 {A14: English Opening: 1...e6 with b3 by White} 12. Nd2 Bc6 13. Nc4 {LiveBook: 3 Games} f6 14. e4 $146 ({Predecessor:} 14. Rc1 Nb4 15. Bxc6 Nxc6 16. Bb2 e5 17. Ne3 Qxd1 18. Rfxd1 Rfd8 19. Nd5 {0-1 (66) Huang,Q (2399)-Kosintseva,T (2513) Batumi 2012}) 14... Nb4 15. a3 Na6 16. Be3 e5 17. Qc2 Qc7 18. b4 Bd7 {White must now prevent ...b5.} 19. Rfc1 Be6 20. Na5 Qd7 (20... Qb8 $16) 21. Rd1 $18 Qc8 22. Qxc8 Bxc8 23. Rac1 Rd8 24. Bf1 (24. Rd5 $18) 24... Rxd1 $16 25. Rxd1 Nc7 26. Nxb7 (26. Rc1 $16 Bd8 27. f3) 26... Bxb7 $11 27. Rd7 Bd8 28. Bc4+ Kh8 29. Bxa7 (29. Rf7 $11 {keeps the balance.} h6 30. Rf8+ Kh7 31. Bg8+ Kg6 32. Bf7+ Kh7 33. Bg8+ Kg6 34. Bf7+ Kh7 35. Bg8+) 29... Bxe4 $17 {Hoping for ...Bc6.} 30. b5 {[#]} h5 (30... Rc8 $1 $17 {...Na8 is the strong threat.} 31. b6 {[#]} Ne6 $1 {[%mdl 512]}) 31. b6 $11 Ne8 32. Bf7 Bc6 33. Bxe8 Bxb6 $1 34. Bxb6 Rxe8 35. Rd8 Rxd8 36. Bxd8 {[%mdl 4096] Endgame KB-KB} Kg8 37. Kf1 Kf7 38. Ke2 Ke6 39. Kd3 h4 40. gxh4 Kd5 41. Be7 f5 42. h5 Ke6 43. Bf8 Kf7 44. h6 gxh6 45. Bxh6 Kg6 46. Bf8 f4 47. Bd6 Kf5 48. Kc4 e4 49. Kb4 (49. Kc5 $5 {[%cal Rc5c6]} Bd7 50. Kd4 $14) 49... e3 {The position is equal.} 50. fxe3 fxe3 51. Bc5 Kf4 52. Kb3 Kf3 53. a4 e2 54. Bb4 Kg4 55. Be1 {With the idea h4.} Kh3 56. Bg3 Bxa4+ {Precision: White = 72%, Black = 52%.} (56... e1=R $5 57. Bxe1 Bxa4+ 58. Kxa4 Kxh2 $11) 1/2-1/2

[Event "88th GER-ch Men 2017"]
[Site "Apolda"]
[Date "2017.06.23"]
[Round "1"]
[White "Goepfert, Jakob"]
[Black "Jahncke, Giso"]
[Result "1/2-1/2"]
[WhiteElo "2099"]
[BlackElo "2340"]
[Annotator "TA"]
[PlyCount "88"]
[EventDate "2017.??.??"]
[EventType "swiss"]
[EventCountry "GER"]
[SourceTitle "playchess.com"]
[Source "ChessBase"]
[SourceQuality "1"]

{[%evp 16,88,28,18,16,13,15,6,0,-7,46,-12,-11,-62,-54,-66,-69,-90,-91,-108,-114,-139,-125,-125,-132,-152,-176,-169,-37,-183,-159,-173,-161,-274,-205,-313,-28,-13,0,0,0,0,0,-5,0,0,0,0,0,-6,21,0,0,0,0,0,0,0,0,0,0,0,0,0,0,0,0,0,0,0,0,0,0,0,0]} 1. d4 Nf6 2. c4 g6 3. Nc3 Bg7 4. e4 d6 5. h3 O-O 6. Bg5 c5 7. d5 e6 8. Bd3 exd5 9. cxd5 Re8 {aiming for ...Nxe4. A65: Modern Benoni: 6 e4} (9... b5 10. Nf3 b4 11. Ne2 Qe8 12. Nd2 Nbd7 13. O-O Ne5 14. Bc2 Ba6 15. Re1 Nd3 16. Bxd3 Bxd3 17. Nf4 {½-½ (51) Tomashevsky,E (2706)-Grischuk,A (2785) Elancourt 2013}) 10. Nge2 Nbd7 11. O-O a6 12. a4 Qc7 (12... h6 $11 13. Be3 Ne5) 13. Rc1 $146 (13. Ng3 $14) ({Predecessor:} 13. Ng3 Rb8 14. a5 c4 15. Bc2 b5 16. axb6 Rxb6 17. Rb1 Nc5 18. f4 {1-0 (35) Santiago,Y (2447)-Cavalcanti,F (2226) Joao Pessoa 2017}) 13... c4 $11 14. Bb1 (14. Bc2 $11) 14... Nc5 $1 $15 {[%cal Rf6e4]} 15. Ng3 Nfd7 16. Nce2 b5 17. axb5 axb5 18. b3 cxb3 19. Nd4 b2 20. Rc2 Ne5 {And now ...Nc4 would win.} 21. Rxb2 Na4 ({Better is} 21... Bd7 $19 22. Ra2 b4 23. Rxa8 Rxa8) 22. Nxb5 {[#]} (22. Rc2 $1 $15 Qb6 23. Nb3) 22... Qb8 $1 $19 23. Rb4 {[#]} Bd7 $1 {[%cal Rd7b5]} 24. f4 (24. Rxa4 {was called for.} Rxa4 25. Qxa4) 24... Nc3 ({Weaker is} 24... Bxb5 25. fxe5 Qa7+ 26. Rf2 $17) 25. Qb3 (25. Qc1 $142 Bxb5 26. fxe5 Bxe5 27. Bf4 Qa7+ 28. Kh2 Bxf1 29. Bxe5 dxe5 30. Qxc3) 25... Nxb5 $2 (25... Bxb5 $19 26. fxe5 Qa7+ 27. Kh1 Bxf1 28. Qxc3 Bxe5) 26. fxe5 $11 Ra3 {The position is equal.} (26... Bxe5 $5 {[%cal Ra8a3]} 27. Bf6 Bxf6 28. Rxf6 Ra3 29. Qxa3 Nxa3 30. Rxb8 Rxb8 $11) 27. Qxa3 Nxa3 28. Rxb8 Rxb8 29. e6 $132 {[%mdl 2048] White is not keeping still} fxe6 30. Ba2 Bd4+ 31. Kh1 {Rf3 is the strong threat.} e5 32. Rf3 Nb5 (32... Bc5 {looks sharper.} 33. Bb3 Rf8 34. Kh2 Rf7 35. Bd1 Rxf3 36. gxf3 Kg7) 33. Bc4 (33. Ne2 {is more complex.} Bc5 34. Bh6 Ra8 35. Bb3 Na3 36. Nc1) 33... Rf8 34. Rxf8+ Kxf8 35. Ne2 Bc5 36. Kh2 Kf7 37. Kg3 Nc7 38. Nc3 Bd4 39. Ne2 Bc5 40. Nc3 Bb4 41. Ne2 Ba4 42. Kf3 Bc2 43. Nc1 Bd1+ 44. Be2 Bc2 {Precision: White = 45%, Black = 68%.} 1/2-1/2

[Event "88th GER-ch Men 2017"]
[Site "Apolda"]
[Date "2017.06.24"]
[Round "2"]
[White "Nisipeanu, Liviu-Dieter"]
[Black "Kalinitschew, Sergey"]
[Result "1-0"]
[WhiteElo "2683"]
[BlackElo "2423"]
[Annotator "TA"]
[PlyCount "61"]
[EventDate "2017.??.??"]
[EventType "swiss"]
[EventCountry "GER"]
[SourceTitle "playchess.com"]
[Source "ChessBase"]
[SourceQuality "1"]

{[%evp 16,61,72,39,117,104,122,85,135,102,128,130,127,109,147,76,107,86,108,61,72,54,69,50,116,82,247,260,327,328,307,311,297,284,420,438,947,901,1465,1464,1406,1377,1224,1133,1850,1827,1754,1701]} 1. e4 g6 2. d4 Bg7 3. Nc3 d6 4. Bg5 c5 5. dxc5 Qa5 6. Qd2 Qxc5 7. Nd5 {B06: Modern Defence} Be6 8. Be3 Qc8 9. Bd4 {LiveBook: 7 Games. White is better.} f6 (9... Nf6 $14) 10. Nf3 $16 Nc6 11. Be3 $146 ({Predecessor:} 11. Bb5 Bd7 12. O-O-O Nxd4 13. Nxd4 e5 14. Ne6 Bh6 {1-0 (27) Tarjan,J (2447)-Thybo,T (1886) Helsingor 2016}) 11... Bf7 12. Be2 h5 13. O-O-O Bh6 14. Kb1 Kf8 15. Nd4 (15. Nh4 $142) 15... Bxe3 16. Nxe3 Nh6 17. f4 {[%cal Bf2f4,Bf4f5][%mdl 32]} Ng4 18. Bxg4 hxg4 19. f5 Ne5 (19... Nxd4 $14 20. Qxd4 Rh5) 20. h3 g5 $2 (20... gxh3 $16 21. Rxh3 Rxh3 22. gxh3 Ke8) 21. hxg4 $18 ({Weaker is} 21. Nxg4 Kg7 $16) 21... Kg7 {[#]} 22. Rxh8 $1 Qxh8 23. Ne6+ Bxe6 24. fxe6 Nc6 (24... Rc8 $142 25. Nf5+ Kf8) 25. Nf5+ Kg6 (25... Kf8 $142 26. Qc1 Qg8) 26. Qd3 Rd8 {[#]} 27. e5 $1 {[%mdl 512]} Nxe5 28. Nxe7+ Kg7 29. Qd5 Nxg4 30. Nf5+ Kg6 31. e7 {Precision: White = 67%, Black = 14%.} 1-0

[Event "88th GER-ch Men 2017"]
[Site "Apolda"]
[Date "2017.06.24"]
[Round "2"]
[White "Buhmann, Rainer"]
[Black "Bussard, Christian"]
[Result "1/2-1/2"]
[WhiteElo "2590"]
[BlackElo "2251"]
[Annotator "TA"]
[PlyCount "131"]
[EventDate "2017.??.??"]
[EventType "swiss"]
[EventCountry "GER"]
[SourceTitle "playchess.com"]
[Source "ChessBase"]
[SourceQuality "1"]

{[%evp 12,131,51,55,51,48,50,60,53,48,45,54,68,48,49,51,54,34,37,31,38,35,40,28,21,25,27,41,31,20,27,24,27,17,52,52,57,53,61,41,41,33,33,17,31,23,33,0,27,18,22,20,23,0,9,5,21,0,0,0,25,0,0,0,0,0,0,0,0,0,0,0,0,0,9,8,29,15,16,15,12,16,20,18,15,8,18,4,52,52,52,3,3,3,3,3,24,3,3,3,3,3,3,3,3,3,3,3,3,3,24,24,24,24,24,24,24,24,24,24,58,18]} 1. e4 e5 2. Nf3 d6 {[%cal Bd7d6,Bd6d5][%mdl 32]} 3. d4 exd4 4. Nxd4 Nf6 5. Nc3 Be7 6. g3 d5 7. e5 Ng4 {C41: Philidor Defence} 8. Bg2 Nxe5 (8... O-O 9. h3 Nxe5 10. Nxd5 Bc5 11. Nb3 Bd6 12. O-O c6 13. Nc3 Na6 14. Bf4 Nc4 15. Bxd6 Nxd6 {½-½ (41) Khairullin,I (2658)-Grischuk,A (2779) Khanty-Mansiysk 2013}) 9. Qe2 Nbc6 10. Nxc6 Nxc6 11. Nxd5 O-O 12. Nxe7+ (12. Bf4 {keeps more tension.} Bb4+ 13. Nxb4 Re8 14. Be3 Nxb4 15. Rd1) 12... Qxe7 13. Qxe7 Nxe7 {[#]} 14. O-O $146 ({Predecessor:} 14. b3 Re8 15. O-O {½-½ (30) Jones,G (2550)-Sriram,J (2453) Canberra 2009}) 14... c6 15. b3 Re8 16. c4 Ng6 17. Bb2 Bf5 18. Rfe1 Rxe1+ 19. Rxe1 Rd8 20. Bc3 f6 21. f4 Kf7 22. Kf2 Rd7 23. Bf3 Re7 24. Rd1 Rd7 25. Rg1 Be6 26. Re1 Ne7 27. h4 g6 28. g4 b6 29. Re3 c5 30. h5 Rd6 31. hxg6+ hxg6 32. Be2 Nc6 33. Rh3 Kg7 34. Rg3 Kf7 35. Rh3 Kg7 36. Rg3 Kf7 37. Rg1 Nd4 38. Bd1 Bc8 39. Rh1 Kg7 40. Re1 {aiming for Re7+.} Kf7 41. Rh1 Kg7 42. g5 Bb7 43. Rh3 f5 44. b4 Be4 45. Bb2 Kg8 46. bxc5 bxc5 47. Ke1 Ra6 48. Ra3 Rxa3 49. Bxa3 Nc2+ (49... Ne6 {with more complications.} 50. Bc1 Kf7 51. Be3 Bb1 52. Bb3 Ke7) 50. Bxc2 $1 Bxc2 $14 {[%mdl 4096] Endgame KB-KB} 51. Kd2 Bb1 52. Bxc5 Bxa2 53. Kc3 a5 {[%cal Ba7a5,Ba5a4][%mdl 32]} 54. Kd4 Kf7 55. Kd5 Bb3 56. Ba3 a4 57. Bb4 Ba2 58. Kc5 Ke6 59. Kb5 Kd7 60. c5 Bd5 61. Kxa4 Kc6 62. Ba3 Bf3 63. Kb4 Bh5 64. Kc4 Be2+ 65. Kd4 Bd1 66. Ke5 {Precision: White = 64%, Black = 78%.} 1/2-1/2